000 00891cab a2200289 4500
001 WB2843-56
008 090401t1992 xxu||||| |||| 00| 0 eng d
035 _a(Sirsi) u55474
041 _aeng
245 _aPrivate involvement in road-building
260 _c1992
350 _a0
490 _aFinancial Times
_v4 November 1992, 22
490 _aBuilding
_v257(7768) 30 October 1992, 9(3)
520 _aTraces the history of enticing private enterprise to take on road projects and the reasons for the lack of success so far.
650 _aM6 TOLL
650 _aFUNDING
650 _aPRIVATE SECTOR
650 _aRAILWAYS
650 _aPROPERTY-INFRASTRUCTURE-TRANSPORT INFRASTRUCTURE-ROAD INFRASTRUCTURE
650 _aRYRIE RULES
650 _aTOLL ROADS
690 _aBUILT ENVIRONMENT
690 _aTRANSPORT AND COMMUNICATIONS
942 _n0
948 _c04/03/1997
999 _c33891
_d33891